Differential calculus in locally convex spaces
Αποθηκεύτηκε σε:
| Κύριος συγγραφέας: | |
|---|---|
| Μορφή: | Βιβλίο |
| Γλώσσα: | English |
| Δημοσίευση: |
Berlin ; New York :
Springer-Verlag,
1974.
|
| Σειρά: | Lecture notes in mathematics (Springer-Verlag)
417 |
| Θέματα: | |
| Ετικέτες: |
Προσθήκη ετικέτας
Δεν υπάρχουν, Καταχωρήστε ετικέτα πρώτοι!
|
MARC
| LEADER | 00000nam a2200000 a 4500 | ||
|---|---|---|---|
| 001 | 1/126436 | ||
| 008 | 230412t1974####gw | ||| |||| ||eng|| | ||
| 020 | |a 3540069623 | ||
| 020 | |a 0387069623 | ||
| 040 | |a GR-MyUa |b gre |c GR-MyUa |e AACR2 | ||
| 041 | 0 | |a eng | |
| 082 | 7 | |a 515.73 |2 (23) | |
| 100 | 1 | |a Keller, Hans Heinrich, |d 1922- | |
| 245 | 1 | 0 | |a Differential calculus in locally convex spaces / |c H. H. Keller. |
| 260 | |a Berlin ; New York : |b Springer-Verlag, |c 1974. | ||
| 300 | |a 143 σ. ; |c 25 εκ. | ||
| 490 | 1 | |a (Lecture notes in mathematics ; |v 417) | |
| 504 | |a Βιβλιογραφία: σ. [125]-134. Ευρετήριο. | ||
| 650 | 0 | |a Locally convex spaces | |
| 650 | 0 | |a Differential calculus | |
| 830 | 0 | |a Lecture notes in mathematics (Springer-Verlag) |v 417 | |
| 852 | |a INST |b SAMOS |e 20230412 |h 515.73 KEL |p 005300048025 |q 005300048025 |t BK |y 0 | ||
| 970 | |a Κοσιέρης |b Χρήστος |z 12-04-2023 | ||